Gaming Quiz

Random Gaming or Video Games Quiz
Score 0/30 Timer 08:00
2 Plays Today
Time in Medley Zone % Correct
0:00 - 0:10Marble Zone
87.3%
0:24 - 0:30Chemical Plant Zone
78%
2:28 - 2:35Green Hill Zone
72.6%
0:47 - 0:54Emerald Hill Zone
71.4%
2:35 - 2:46Casino Night Zone
68%
0:30 - 0:37Icecap Zone
66.2%
1:53 - 2:02Hill Top Zone
63.9%
1:03 - 1:11Star Light Zone
63.9%
0:10 - 0:17Angel Island Zone
62.7%
0:54 - 1:03Hydrocity Zone
62%
2:02 - 2:10Mushroom Hill Zone
61.5%
3:07 - 3:15Oil Ocean Zone
59.9%
1:35 - 1:44Mystic Cave Zone
59.5%
0:17 - 0:24Sandopolis Zone
58.2%
3:42 - 3:50Metropolis Zone
58.1%
Time in Medley Zone % Correct
3:34 - 3:42Carnival Night Zone
56.8%
2:54 - 3:07Flying Battery Zone
56.1%
1:26 - 1:35Spring Yard Zone
55.3%
1:18 - 1:26Death Egg Zone
54.9%
2:10 - 2:17Aquatic Ruin Zone
54.8%
1:11 - 1:18Sky Chase Zone
53.5%
2:46 - 2:54Scrap Brain Zone
53.2%
3:57 - 4:04Final Zone
52.6%
1:44 - 1:53Marble Garden Zone
52%
3:15 - 3:27Labyrinth Zone
51.5%
0:37 - 0:47Wing Fortress Zone
51.2%
2:17 - 2:28Lava Reef Zone
48.8%
4:04 - 4:23Sky Sanctuary Zone
47.4%
3:27 - 3:34Launch Base Zone
46.5%
3:50 - 3:57The Doomsday Zone
45.1%
Remove Ads.
Support Sporcle.
Get the best of Sporcle when you Go Orange. This ad-free experience offers more features, more stats, and more fun while also helping to support Sporcle. Thank you for becoming a member.

You're not logged in!

Compare scores with friends on all Sporcle quizzes.
OR
Log In

Show Comments

Extras

Top Quizzes Today


Score Distribution

Your Account Isn't Verified!

In order to create a playlist on Sporcle, you need to verify the email address you used during registration. Go to your Sporcle Settings to finish the process.

Report this User

Report this user for behavior that violates our Community Guidelines.

Details: